000
002630000a22000970004500
100
1
_a
Hill, Jo
245
1
0
_a
Those who can : Volunteer. Using your talents to serve the poorest people
300
_a
Num. 24 (2003), Páginas 20-21
773
0
_t
Teartimes
942
_c
ANA
999
_c
56049
_d
56049